Techniques of growing mangosteen in kampot province បច្ចេកទេសដាំដំណាំមង្ឃុត នៅខេត្តកំពត (Record no. 677)

000 -LEADER
fixed length control field 00510nam a22001577a 4500
003 - CONTROL NUMBER IDENTIFIER
control field OSt
005 - DATE AND TIME OF LATEST TRANSACTION
control field 20150917162415.0
008 - FIXED-LENGTH DATA ELEMENTS--GENERAL INFORMATION
fixed length control field 150917b xxu||||| |||| 00| 0 eng d
040 ## - CATALOGING SOURCE
Transcribing agency RUA
082 ## - DEWEY DECIMAL CLASSIFICATION NUMBER
Classification number AGR SOK 2001 B026 Or.1
100 ## - MAIN ENTRY--PERSONAL NAME
9 (RLIN) 704
Personal name SOK, RIDEN.
245 ## - TITLE STATEMENT
Title Techniques of growing mangosteen in kampot province បច្ចេកទេសដាំដំណាំមង្ឃុត នៅខេត្តកំពត
260 ## - PUBLICATION, DISTRIBUTION, ETC. (IMPRINT)
Place of publication, distribution, etc. Phnom Penh
Name of publisher, distributor, etc. RUA
Date of publication, distribution, etc. 2001
300 ## - PHYSICAL DESCRIPTION
Extent 47p.
Other physical details ill.
Dimensions 29cm.
942 ## - ADDED ENTRY ELEMENTS (KOHA)
Source of classification or shelving scheme
Koha item type AGR
Holdings
Price effective from Date last seen Permanent Location Not for loan Date acquired Source of classification or shelving scheme Koha item type Lost status Withdrawn status Total Renewals Date last checked out Total Checkouts Damaged status Barcode Current Location Full call number
2015-09-172015-09-17Library Block B 2015-09-17 AGR      RUA002062Library Block BAGR SOK 2001 B026 Or.1
2015-09-172019-12-28Library Block B 2015-09-17 AGR   2019-12-202 RUA002134Library Block BAGR SOK 2001 B026 Or.2
2015-09-172016-06-21Library Block B 2015-09-17 AGR  12016-05-281 RUA002356Library Block BAGR SOK 2001 B026 Or.3
មជ្ឈមណ្ឌលឯការនៃសាកលវិទ្យាល័យភូមិន្ទកសិកម្មចំការដូង

Powered by Koha